Introductio ad solidam perfectionem, per manuductionem ad S. P. N. Ignatii exercitia spiritualia integro mense obeunda

Detalles Bibliográficos
Autor principal: Le Gaudier, Antonio 1572-1622
Formato: Libro
Lenguaje:Latin
Publicado: Lugduni 1664
Materias:
Colección:Banco de datos
Acervo:Biblioteca de la Congregación del Oratorio de San Felipe Neri de México. Iglesia La Profesa
Descripción Física:[8] h., 366 p. 8°
Tema general:Ascética
Notas:Portada tipográfica con pleca y monograma de la Sociedad de Jesús en grabado xilográfico. Texto a renglón seguido. Incluye cabecera de título en grabado xilográfico. Incluye capitular floreada en grabado xilográfico. Encuadernación en pergamino sobre cartón. Marca de fuego: Colegio de San Pedro y San Pablo de México, D.F. Sello en tinta del Oratorio de San Felipe Neri de México. Biblioteca La Profesa, D.F. Daños de humedad
LEADER 01121nam a22001810004500
035 |a 729 
041 0 |a lat 
100 1 |a Le Gaudier, Antonio  |d 1572-1622 
245 1 0 |a Introductio ad solidam perfectionem, per manuductionem ad S. P. N. Ignatii exercitia spiritualia integro mense obeunda  |c authore R. P. Antonio Gaudier, Societatis Iesu  
260 |a Lugduni  |b apud Petrum Guillimin  |c 1664 
300 |a [8] h., 366 p.  |c 8° 
500 |a Portada tipográfica con pleca y monograma de la Sociedad de Jesús en grabado xilográfico. Texto a renglón seguido. Incluye cabecera de título en grabado xilográfico. Incluye capitular floreada en grabado xilográfico. Encuadernación en pergamino sobre cartón. Marca de fuego: Colegio de San Pedro y San Pablo de México, D.F. Sello en tinta del Oratorio de San Felipe Neri de México. Biblioteca La Profesa, D.F. Daños de humedad 
504 |a Índice de capítulos 
650 1 0 |a Ascética 
949 |a Iglesia La Profesa, Biblioteca 889 
942 |c PROFESA 
943 |g Biblioteca de la Congregación del Oratorio de San Felipe Neri de México. Iglesia La Profesa 
999 |c 947540  |d 947540